Miasta Europy z budynkami powyżej 200 metrów - Statystyki

Ogólne statystyki
  • Ten quiz został rozwiązany 90 razy
  • Średni wynik to 12 z 18
Statystyki odpowiedzi
Wysokość (m) Miasto Nazwa budynku % Poprawnych
374 Moskwa Federation: East Tower
100%
310 Warszawa Varso Tower
100%
309,6 Londyn The Shard
99%
249 Madryt Torre De Cristal
98%
242 Paryż The Link
98%
462 Sankt Petersburg Lakhta Center
91%
231 Mediolan Unicredit Tower
83%
215 Wrocław Sky Tower
78%
259 Frankfurt Commerzbank Tower
77%
284 Stambuł Skyland Istanbul
77%
220 Wiedeń DC Towers
72%
201 Manchester Deansgate Square South Tower
54%
205 Turyn Piedmont Region Headquarters
50%
221 Rzeszów Olszynki Park
46%
215 Rotterdam Zalmhaven Tower
35%
247 Goteborg Karlatornet
15%
202 Benidorm Intempo
7%
205 Bazylea Roche Tower 2
5%
Nie znaleziono quizów pasujących do podanych kryteriów
Rozkład punktacji
Procent ludzi z każdym wynikiem
Percentyl według liczby udzielonych odpowiedzi
Twoja historia wyników
Nie rozwiązałeś tego quizu